[Event "4th ch-EU"]
[Site "Liverpool ENG"]
[Date "2008.09.14"]
[Round "6"]
[White "Brown,Mart"]
[Black "Ringoir,G"]
[Result "1-0"]
[WhiteElo "2072"]
[BlackElo "1944"]
[EventDate "2008.09.09"]

1. e4 c5 2. Nf3 Nc6 3. d4 cxd4 4. Nxd4 g6 5. Be3 Bg7 6. Nc3 Nf6 7. Bc4 O-O
8. Bb3 Qa5 9. f3 d6 10. Qd2 Nxd4 11. Bxd4 Bd7 12. O-O-O b5 13. Kb1 Rfc8 14.
h4 h5 15. g4 hxg4 16. h5 gxh5 17. Qg5 e5 18. Be3 Rxc3 19. bxc3 Qc7 20. Qh4
Be6 21. Bg5 Nh7 22. Qxh5 Nxg5 23. Qxg5 Bxb3 24. axb3 Qxc3 25. Qxg4 Rc8 26.
Rh2 Kf8 27. Qd7 1-0

[Event "4th ch-EU"]
[Site "Liverpool ENG"]
[Date "2008.09.14"]
[Round "6"]
[White "Taylor,E"]
[Black "Benson,O"]
[Result "0-1"]
[WhiteElo "2067"]
[BlackElo "1852"]
[EventDate "2008.09.09"]

1. d4 g6 2. e4 Nf6 3. Nc3 Bg7 4. e5 Ng8 5. f4 d6 6. Nf3 Nh6 7. Bc4 O-O 8.
Be3 e6 9. h3 b6 10. Qd2 Bb7 11. Be2 Nf5 12. Bf2 Nd7 13. g4 Ne7 14. Rh2 Qb8
15. h4 a6 16. h5 c5 17. hxg6 hxg6 18. dxc5 Nxc5 19. exd6 Nd5 20. Nxd5 Bxd5
21. Bd4 Ne4 22. Qe3 Qxd6 23. Bxg7 Kxg7 24. Qd4+ f6 25. c4 Qb4+ 26. Kf1 Ng3+
27. Kf2 Nxe2 28. Kxe2 Bxc4+ 29. Kf2 Rad8 30. Qxd8 Rxd8 31. Rah1 Rg8 32.
Rh7+ Kf8 33. Rc7 Qxb2+ 34. Kg3 Bb5 35. Rd1 Rg7 36. Rd8+ Be8 37. Rcc8 Re7
38. Nd4 Qa3+ 39. Kf2 Qxa2+ 40. Kg1 Kf7 41. Nc6 Bxc6 42. Rxc6 Qe2 43. Rh8
Qxg4+ 44. Kh2 Qxf4+ 45. Kg1 Qg3+ 46. Kf1 Qf3+ 0-1

[Event "4th ch-EU"]
[Site "Liverpool ENG"]
[Date "2008.09.15"]
[Round "7"]
[White "Smeets,J"]
[Black "Meier,Geo"]
[Result "1/2-1/2"]
[WhiteElo "2593"]
[BlackElo "2556"]
[EventDate "2008.09.09"]

1. e4 e6 2. d4 d5 3. Nc3 dxe4 4. Nxe4 Nd7 5. Nf3 Ngf6 6. Nxf6+ Nxf6 7. c3
c5 8. Ne5 a6 9. Qa4+ Nd7 10. Be3 Qc7 11. Be2 Bd6 12. Nc4 Be7 13. dxc5 Bxc5
14. Bxc5 Qxc5 15. Qb4 b5 16. Na5 Ra7 17. Qxc5 Nxc5 18. c4 Bd7 19. b4 Nb7
20. Nxb7 Rxb7 21. Bf3 Ra7 22. c5 a5 23. c6 Bc8 24. bxa5 Rxa5 25. Kd2 Kd8
26. Kc3 Kc7 27. a4 bxa4 28. Kb4 Ra6 1/2-1/2

[Event "4th ch-EU"]
[Site "Liverpool ENG"]
[Date "2008.09.15"]
[Round "7"]
[White "D'Costa,L"]
[Black "Carlsson,P"]
[Result "1/2-1/2"]
[WhiteElo "2414"]
[BlackElo "2514"]
[EventDate "2008.09.09"]

1. d4 Nf6 2. c4 e6 3. Nf3 b6 4. g3 Ba6 5. Qc2 Bb4+ 6. Bd2 Be7 7. e4 d5 8.
cxd5 Bxf1 9. Kxf1 exd5 10. e5 Ne4 11. Nc3 Nxc3 12. bxc3 Qd7 13. Kg2 Nc6 14.
h4 h6 15. h5 O-O-O 16. Nh4 Bxh4 17. Rxh4 Rdf8 18. Re1 Nd8 19. a4 f6 20. a5
fxe5 21. axb6 1/2-1/2

[Event "4th ch-EU"]
[Site "Liverpool ENG"]
[Date "2008.09.15"]
[Round "7"]
[White "Haslinger,S"]
[Black "Storey,Ch"]
[Result "1-0"]
[WhiteElo "2511"]
[BlackElo "2268"]
[EventDate "2008.09.09"]

1. e4 c5 2. Nf3 g6 3. d4 cxd4 4. Qxd4 Nf6 5. e5 Nc6 6. Qa4 Nd5 7. Qe4 Nb6
8. Nc3 d5 9. exd6 Bf5 10. Qe2 Qxd6 11. Nb5 Qb8 12. Nbd4 Qc7 13. g3 O-O-O
14. Nxf5 gxf5 15. Bh3 e6 16. O-O h5 17. c4 Nd7 18. Rd1 h4 19. Bf4 Qa5 20.
gxh4 Bh6 21. Bd6 Nc5 22. Ne5 Rhg8+ 23. Bg2 Rxd6 24. Rxd6 Nxe5 25. Qxe5 Qc7
26. Rad1 Ne4 27. Rxe6 Qxe5 28. Rxe5 f4 29. f3 Nf6 30. Kf2 Bf8 31. Rf5 Be7
32. Bh3 Kc7 33. b4 Rh8 34. Rxf4 Rh7 35. a3 a5 36. c5 axb4 37. axb4 Rh5 38.
Bf5 Rh6 39. Bc2 Rh8 40. Bb3 Rh7 41. Re1 Bd8 42. b5 Nd7 43. b6+ Kc6 44. Ba4+
Kxc5 45. Rc1+ Kxb6 46. Bxd7 Bxh4+ 47. Kg2 Bg5 48. Rb4+ 1-0

[Event "4th ch-EU"]
[Site "Liverpool ENG"]
[Date "2008.09.15"]
[Round "7"]
[White "Arakhamia,K"]
[Black "Gormally,D"]
[Result "1-0"]
[WhiteElo "2448"]
[BlackElo "2504"]
[EventDate "2008.09.09"]

1. e4 c5 2. Nf3 d6 3. d4 cxd4 4. Nxd4 Nf6 5. Nc3 a6 6. f4 e5 7. Nf3 Nbd7 8.
a4 Be7 9. Bd3 O-O 10. O-O exf4 11. Bxf4 Qb6+ 12. Kh1 Qxb2 13. Nd5 Nxd5 14.
exd5 Qb6 15. Qe2 Bf6 16. Rab1 Qc7 17. Bg5 Qd8 18. Qe4 g6 19. Qh4 h5 20. h3
Bxg5 21. Nxg5 Ne5 22. g4 f6 23. Ne4 f5 24. Qxd8 Rxd8 25. gxf5 Nxd3 26. cxd3
Bxf5 27. Rxb7 Rf8 28. Rc1 Bxe4+ 29. dxe4 Rae8 30. Rcc7 Rf6 31. Rg7+ Kf8 32.
Rh7 Kg8 33. Rbg7+ Kf8 34. Ra7 Kg8 35. Rhg7+ Kf8 36. Rh7 Kg8 37. Rhe7 Rxe7
38. Rxe7 a5 39. Ra7 Kf8 40. Rxa5 Rf4 41. Ra8+ Ke7 42. a5 Kd7 43. Rg8 1-0

[Event "4th ch-EU"]
[Site "Liverpool ENG"]
[Date "2008.09.15"]
[Round "7"]
[White "Ris,R"]
[Black "Hillarp Persson,T"]
[Result "0-1"]
[WhiteElo "2415"]
[BlackElo "2526"]
[EventDate "2008.09.09"]

1. e4 c5 2. Nf3 d6 3. d4 cxd4 4. Nxd4 Nf6 5. Nc3 a6 6. Bc4 e6 7. Bb3 b5 8.
Qf3 Bb7 9. Bg5 Nbd7 10. O-O-O Nc5 11. Rhe1 Be7 12. Qg3 b4 13. Bxf6 Bxf6 14.
e5 Bg5+ 15. f4 bxc3 16. fxg5 cxb2+ 17. Kxb2 d5 18. h4 a5 19. c3 O-O 20. Bc2
a4 21. h5 Qb6+ 22. Kc1 Ne4 23. Rxe4 dxe4 24. h6 Qc5 25. hxg7 Rfd8 26. Rh1
Qa3+ 27. Kb1 Bd5 28. Qh3 Bxa2+ 29. Ka1 Bc4+ 30. Kb1 Rab8+ 31. Nb3 Rxb3+ 32.
Bxb3 Qxb3+ 33. Kc1 Qa3+ 0-1

[Event "4th ch-EU"]
[Site "Liverpool ENG"]
[Date "2008.09.15"]
[Round "7"]
[White "Priborsky,J"]
[Black "Arkell,K"]
[Result "1/2-1/2"]
[WhiteElo "2344"]
[BlackElo "2506"]
[EventDate "2008.09.09"]

1. e4 c6 2. c4 e5 3. Nf3 d6 4. Nc3 g6 5. d4 Bg7 6. Be2 Bg4 7. Be3 Bxf3 8.
Bxf3 Ne7 9. O-O O-O 10. Qd2 Na6 11. Rad1 Qc7 12. dxe5 dxe5 13. Qd7 Rfc8 14.
b4 Bf8 15. a3 b6 16. c5 bxc5 17. Qxc7 Nxc7 18. Bxc5 Ne6 19. Bd6 f6 20. Bg4
Kf7 21. g3 Rd8 22. f4 exf4 23. gxf4 f5 24. Bxe7 Bxe7 25. exf5 gxf5 26. Bxf5
a5 27. Rxd8 Bxd8 28. Bxh7 axb4 29. axb4 Be7 30. Ne4 Kg7 31. Bf5 Nd4 32. Bd7
Bxb4 33. f5 Rd8 34. f6+ Kg6 35. Bg4 Re8 36. Ng3 Kg5 37. f7 Rf8 38. Bd7 Rd8
39. Be8 Bf8 40. Ne4+ Kg6 41. Nc5 Rd5 42. Nd7 Rg5+ 43. Kh1 Kg7 44. Nxf8 Kxf8
45. Bd7 c5 46. Rg1 Re5 47. Be8 Ne6 48. Rc1 Ke7 49. Kg2 Nf4+ 50. Kf3 Ne2
1/2-1/2

[Event "4th ch-EU"]
[Site "Liverpool ENG"]
[Date "2008.09.15"]
[Round "7"]
[White "Shaw,J"]
[Black "Horner,J"]
[Result "1/2-1/2"]
[WhiteElo "2469"]
[BlackElo "2372"]
[EventDate "2008.09.09"]

1. e4 e5 2. Nf3 Nc6 3. Bb5 a6 4. Bxc6 dxc6 5. O-O f6 6. d4 Bg4 7. dxe5 Qxd1
8. Rxd1 fxe5 9. Nbd2 O-O-O 10. Re1 Bd6 11. h3 Bh5 12. Nh4 Ne7 13. Nf5 Nxf5
14. exf5 h6 15. Ne4 Bb4 16. c3 Be7 17. b3 Rd3 18. Bb2 Rf8 19. Ng3 Bc5 20.
Ne4 Be7 21. c4 Bb4 22. Re3 Rxe3 23. fxe3 Rxf5 24. g4 Rf3 25. gxh5 Rxe3 26.
a3 Be7 27. Nf2 Re2 28. Bc3 Bc5 29. Be1 Re3 30. b4 Bd4 31. Rd1 Rxa3 32. Kg2
Kd7 33. Ng4 Ke6 34. Bg3 Ra2+ 35. Kf3 Ra3+ 36. Kg2 Ra2+ 37. Kf3 Ra3+ 38. Kg2
Ra2+ 1/2-1/2

[Event "4th ch-EU"]
[Site "Liverpool ENG"]
[Date "2008.09.15"]
[Round "7"]
[White "Spoelman,W"]
[Black "Carleton,J"]
[Result "1-0"]
[WhiteElo "2448"]
[BlackElo "2305"]
[EventDate "2008.09.09"]

1. e4 Nf6 2. e5 Nd5 3. d4 d6 4. c4 Nb6 5. f4 dxe5 6. fxe5 Nc6 7. Be3 Bf5 8.
Nc3 e6 9. Nf3 Bg4 10. Be2 Bxf3 11. gxf3 Qh4+ 12. Bf2 Qf4 13. c5 Nd7 14. Qd2
Qxd2+ 15. Kxd2 f6 16. f4 g6 17. Bc4 Bh6 18. Be3 Rd8 19. Ke2 Bxf4 20. Bxf4
Nxd4+ 21. Kf2 g5 22. Rad1 Nxc5 23. Be3 fxe5 24. b4 Rf8+ 25. Kg2 Nd7 26.
Bxd4 exd4 27. Rxd4 Ne5 28. Rxd8+ Kxd8 29. Bxe6 Ke7 30. Bd5 c6 31. Re1 Kd6
32. Bb3 Nf3 33. Re6+ Kd7 34. Ne4 Nh4+ 35. Kh3 Rf3+ 36. Kg4 1-0

[Event "4th ch-EU"]
[Site "Liverpool ENG"]
[Date "2008.09.15"]
[Round "7"]
[White "Lasinskas,P"]
[Black "Langrock,H"]
[Result "0-1"]
[WhiteElo "2269"]
[BlackElo "2398"]
[EventDate "2008.09.09"]

1. d4 e6 2. c4 b6 3. Nf3 Bb7 4. Nc3 Bb4 5. Qb3 a5 6. a3 a4 7. Qc2 Bxc3+ 8.
Qxc3 Nf6 9. Bg5 h6 10. Bh4 d6 11. e3 Nbd7 12. Rd1 Ra5 13. Bd3 Qa8 14. d5
exd5 15. Nd4 dxc4 16. Bxc4 Rc5 17. b4 axb3 18. Nxb3 Re5 19. f3 Bxf3 0-1

[Event "4th ch-EU"]
[Site "Liverpool ENG"]
[Date "2008.09.15"]
[Round "7"]
[White "Fowler,S"]
[Black "Garcia Castro,P"]
[Result "1-0"]
[WhiteElo "2256"]
[BlackElo "2390"]
[EventDate "2008.09.09"]

1. e4 e5 2. Nf3 d6 3. d4 exd4 4. Nxd4 Nf6 5. Nc3 Be7 6. Bf4 O-O 7. Qd2 a6
8. O-O-O b5 9. Nd5 Nxd5 10. exd5 Bb7 11. Nf5 Bf6 12. g4 Nd7 13. g5 Be5 14.
h4 f6 15. Bh3 Kh8 16. Be3 fxg5 17. hxg5 g6 18. Nh4 Nb6 19. Be6 Nc4 20.
Nxg6+ Kg7 21. Rxh7+ Kxh7 22. Qd3 Kg7 23. Rh1 Rf3 24. Nxe5 Nxe5 25. Qh7+ Kf8
26. Qg8+ Ke7 27. Rh7+ 1-0

[Event "4th ch-EU"]
[Site "Liverpool ENG"]
[Date "2008.09.15"]
[Round "7"]
[White "Astaneh Lopez,A"]
[Black "Lawson,A"]
[Result "1-0"]
[WhiteElo "2357"]
[BlackElo "2200"]
[EventDate "2008.09.09"]

1. Nf3 d5 2. d4 Nf6 3. c4 e6 4. Nc3 Be7 5. Bg5 Nbd7 6. e3 O-O 7. Bd3 a6 8.
a4 c6 9. O-O dxc4 10. Bxc4 Nd5 11. Bxe7 Qxe7 12. e4 Nxc3 13. bxc3 e5 14.
Re1 a5 15. Rb1 h6 16. Qd2 Re8 17. Qa2 Qf6 18. Re3 Re7 19. h3 c5 20. d5 Nf8
21. Qb3 b6 22. Rd1 Qd6 23. Bb5 Ng6 24. Nd2 Nf4 25. Kh2 Rea7 26. Bf1 Rb8 27.
g3 Ng6 28. Rf3 h5 29. Bb5 h4 30. Nc4 Qd8 31. Qc2 Qg5 32. Qd2 hxg3+ 33. Rxg3
Qh4 34. Qe3 Qh5 35. Rdg1 Qh4 36. Rg5 Re7 37. d6 1-0

[Event "4th ch-EU"]
[Site "Liverpool ENG"]
[Date "2008.09.15"]
[Round "7"]
[White "James,Dav"]
[Black "Rudd,J"]
[Result "0-1"]
[WhiteElo "2177"]
[BlackElo "2345"]
[EventDate "2008.09.09"]

1. Nf3 Nf6 2. c4 e6 3. Nc3 d5 4. d4 Be7 5. Bg5 O-O 6. e3 h6 7. Bh4 b6 8.
Rc1 Bb7 9. Bxf6 Bxf6 10. cxd5 exd5 11. Be2 c6 12. O-O Re8 13. Qb3 Na6 14.
Rfe1 Nc7 15. Rcd1 Ne6 16. Bf1 g5 17. h3 Bg7 18. e4 dxe4 19. Rxe4 Qf6 20.
Bc4 c5 21. d5 Nd4 22. Nxd4 cxd4 23. Rexd4 Qxd4 24. Rxd4 Re1+ 25. Kh2 Bxd4
26. Qc2 Rc8 27. Qd2 Be5+ 28. g3 Ra1 29. Be2 a6 30. Bf3 b5 31. Qe2 Re8 32.
Kg2 Kf8 33. Qd3 b4 34. Na4 Bc8 35. Nc5 Rc1 36. Nb3 Re1 37. Nd4 Bd7 38. Qd2
Bd6 39. Ne6+ Bxe6 40. dxe6 R1xe6 41. Qd3 Be5 42. b3 Kg7 43. Qc4 Bc3 44. a3
a5 45. axb4 axb4 46. h4 Rf6 47. hxg5 hxg5 48. Qg4 Re5 49. Be4 Bd4 50. f3
Rh6 51. Qd7 Bc5 52. g4 Bd6 53. Kf2 Ra5 54. Ke2 Rc5 55. Qd8 Rh2+ 56. Kd1 Rh6
57. Bf5 Rd5+ 0-1

[Event "4th ch-EU"]
[Site "Liverpool ENG"]
[Date "2008.09.15"]
[Round "7"]
[White "Limontaite,S"]
[Black "Radovanovic,J"]
[Result "1-0"]
[WhiteElo "2200"]
[BlackElo "2325"]
[EventDate "2008.09.09"]

1. d4 d5 2. c4 e5 3. dxe5 d4 4. Nf3 Nc6 5. g3 Nge7 6. Bg2 Ng6 7. Bf4 Be6 8.
Qa4 Qd7 9. O-O Nxf4 10. gxf4 O-O-O 11. Rd1 Bh3 12. e6 Bxe6 13. Ng5 Be7 14.
Nxe6 Qxe6 15. Bxc6 Qxc6 16. Qxc6 bxc6 17. Nd2 Rhe8 18. Kg2 f5 19. Kf3 Bf6
20. Rab1 h6 21. Nf1 c5 22. Ng3 g6 23. Rd3 Rd6 24. Ra3 a6 25. Rd3 Kd7 26.
Rbd1 Rb8 27. b3 a5 28. e3 dxe3 29. fxe3 Kc6 30. Rxd6+ cxd6 31. e4 fxe4+ 32.
Kxe4 a4 33. Rd3 Re8+ 34. Kf3 Re1 35. Re3 Rb1 36. bxa4 Rc1 37. Re6 Rc3+ 38.
Ke2 Bd4 39. Rxg6 Rc2+ 40. Kf3 Rxh2 41. Nf5 Rxa2 42. Rxd6+ Kc7 43. Ke4 Rxa4
44. Kd5 Ra8 45. Rc6+ Kb7 46. Rxh6 Rf8 47. Nd6+ Kb6 48. f5 Ka5 49. Ke6 Be3
50. Rg6 Bf4 51. f6 Kb4 52. Nf7 Re8+ 53. Kf5 Bc7 54. Rg4 Ra8 55. Ne5 Rf8 56.
Nd3+ Kc3 57. Nxc5 Rc8 58. Nd7 Rd8 59. f7 Bd6 60. Ke6 Bb4 61. Rg8 1-0

[Event "4th ch-EU"]
[Site "Liverpool ENG"]
[Date "2008.09.15"]
[Round "7"]
[White "Ringoir,T"]
[Black "Blackburn,J"]
[Result "1-0"]
[WhiteElo "2321"]
[BlackElo "2196"]
[EventDate "2008.09.09"]

1. e4 e6 2. d4 d5 3. Nc3 dxe4 4. Nxe4 Bd7 5. Nf3 Bc6 6. Bd3 Nd7 7. O-O Ngf6
8. Ng3 Be7 9. Qe2 Bxf3 10. Qxf3 c6 11. b3 O-O 12. Bb2 Qa5 13. a3 Qg5 14.
Rfe1 Bd6 15. Rad1 Qh4 16. Nf1 g5 17. g3 Qh6 18. Bc1 Qg7 19. c4 Rfe8 20. Bc2
h5 21. Ne3 g4 22. Qg2 Rad8 23. Kh1 Bc7 24. f3 c5 25. dxc5 Ne5 26. fxg4 hxg4
27. Qxb7 Rc8 28. Rf1 Nh5 29. Be4 f5 30. Bg2 Rb8 31. Qxa7 Rxb3 32. Qa4 Reb8
33. Qa6 Re8 34. Kg1 Nd3 35. Qc6 Re7 36. Nxf5 exf5 37. Qd5+ Qf7 38. Rxd3 Nf6
39. Qxf7+ 1-0

[Event "4th ch-EU"]
[Site "Liverpool ENG"]
[Date "2008.09.15"]
[Round "7"]
[White "Logothetis,S"]
[Black "Williamson,R"]
[Result "1-0"]
[WhiteElo "2318"]
[BlackElo "2169"]
[EventDate "2008.09.09"]

1. d4 d5 2. c4 e6 3. Nf3 c5 4. cxd5 exd5 5. Nc3 Nc6 6. Bf4 Nf6 7. e3 cxd4
8. Nxd4 Bb4 9. Bb5 Bd7 10. O-O O-O 11. Nc2 Bxc3 12. bxc3 Na5 13. Bxd7 Qxd7
14. Be5 Ne4 15. f3 Nc5 16. Bxg7 Kxg7 17. Qd4+ f6 18. Qxc5 b6 19. Qd4 Rac8
20. Rfd1 Rc4 21. Qxd5 Qxd5 22. Rxd5 Rxc3 23. Nd4 Rfc8 1-0

[Event "4th ch-EU"]
[Site "Liverpool ENG"]
[Date "2008.09.15"]
[Round "7"]
[White "Peacock,M"]
[Black "Rodriguez Lopez,Ra"]
[Result "0-1"]
[WhiteElo "2101"]
[BlackElo "2312"]
[EventDate "2008.09.09"]

1. c4 Nf6 2. g3 d5 3. cxd5 Nxd5 4. Bg2 g6 5. Nc3 Nxc3 6. bxc3 Bg7 7. Rb1
Nd7 8. c4 O-O 9. Nf3 e5 10. d3 h6 11. O-O Rb8 12. a4 b6 13. Ba3 Re8 14. c5
Bb7 15. Qc1 Re6 16. Qe3 Bc6 17. a5 bxa5 18. Nd2 Bxg2 19. Kxg2 Bf8 20. Nc4
a4 21. c6 Rxb1 22. Rxb1 Nb6 23. Bxf8 Qxf8 24. Rb5 e4 25. Ne5 exd3 26. Qxd3
Qd6 27. Qxd6 Rxd6 28. Ra5 Rd5 29. Rxd5 Nxd5 30. Nc4 Nb4 31. Na3 Nxc6 32.
Kf3 a6 33. Ke4 Na7 34. Kd3 Nb5 35. Nc2 a3 36. Na1 Kf8 37. Kc4 Ke7 38. Kd5
Kd7 39. Ke5 a2 40. e4 c6 41. h4 h5 42. f3 a5 43. g4 a4 44. gxh5 gxh5 45.
Kf6 Ke8 46. Kg7 Nd4 47. f4 Ne6+ 0-1

[Event "4th ch-EU"]
[Site "Liverpool ENG"]
[Date "2008.09.15"]
[Round "7"]
[White "White,Mi"]
[Black "Yeo,M"]
[Result "1-0"]
[WhiteElo "2289"]
[BlackElo "2110"]
[EventDate "2008.09.09"]

1. e4 Nc6 2. Nf3 e5 3. d4 exd4 4. Nxd4 Nf6 5. Nxc6 bxc6 6. e5 Qe7 7. Qe2
Nd5 8. c4 Ba6 9. b3 g5 10. h4 Bg7 11. Bb2 O-O-O 12. Nd2 Nb4 13. O-O-O Nxa2+
14. Kb1 Nb4 15. Qe3 h6 16. Ne4 Bb7 17. Be2 c5 18. Nxc5 Bxg2 19. Rhg1 d6 20.
Na4 Bb7 21. Qxa7 Be4+ 22. Kc1 Na2+ 23. Kd2 dxe5+ 24. Ke3 Qe6 25. Nc5 Qh3+
26. Rg3 Qxh4 27. Bg4+ f5 28. Bxf5+ Rd7 29. Qa6+ 1-0

[Event "4th ch-EU"]
[Site "Liverpool ENG"]
[Date "2008.09.15"]
[Round "7"]
[White "Lam,P"]
[Black "Calzetta,M"]
[Result "0-1"]
[WhiteElo "2104"]
[BlackElo "2264"]
[EventDate "2008.09.09"]

1. d4 Nf6 2. c3 d6 3. Bg5 Nbd7 4. Nd2 e5 5. e4 Be7 6. Ngf3 O-O 7. Bc4 c6 8.
dxe5 dxe5 9. Qe2 h6 10. Bh4 b5 11. Bb3 a5 12. Bg3 a4 13. Bc2 Qc7 14. h3 Nh5
15. Bh2 Nf4 16. Bxf4 exf4 17. e5 f5 18. O-O Ba6 19. Nd4 b4 20. Qh5 Bxf1 21.
Rxf1 Qxe5 22. N2f3 Qf6 23. Nxf5 bxc3 24. Re1 Bc5 25. N3h4 cxb2 26. Bd3 Qg5
27. Qf3 Rfe8 28. Rxe8+ Rxe8 29. Qxc6 Re1+ 30. Kh2 Bxf2 31. Qd5+ Kf8 32.
Qd6+ Ke8 33. g4 fxg3+ 34. Kg2 Rg1+ 35. Kf3 Qf6 36. Qd5 b1=Q 37. Bxb1 Qc3+
38. Bd3 Ne5+ 39. Kf4 g5+ 0-1

[Event "4th ch-EU"]
[Site "Liverpool ENG"]
[Date "2008.09.15"]
[Round "7"]
[White "Fox,An"]
[Black "Motoc,A"]
[Result "0-1"]
[WhiteElo "2068"]
[BlackElo "2303"]
[EventDate "2008.09.09"]

1. e4 c5 2. Nc3 e6 3. f4 d5 4. d3 Nc6 5. Nf3 d4 6. Ne2 Be7 7. g3 h5 8. h3
h4 9. g4 f5 10. g5 fxe4 11. dxe4 b6 12. Bg2 Ba6 13. O-O Qc7 14. Bd2 O-O-O
15. Re1 e5 16. fxe5 Nxe5 17. Nxe5 Qxe5 18. Nf4 Bd6 19. Qg4+ Kb8 20. Qf5 Ne7
21. Qxe5 Bxe5 22. Nd5 Ng6 23. Bf1 Bc8 24. Bg2 Rdf8 25. Rf1 Ba6 26. Rxf8+
Rxf8 27. Bf1 d3 28. cxd3 Bxb2 29. Rb1 Bd4+ 30. Be3 Ne5 31. Bxd4 cxd4 32.
Nb4 Nf3+ 33. Kg2 Bc8 34. Rc1 Nxg5 35. Nc6+ Kb7 36. Nxd4 Bxh3+ 37. Kg1 Bxf1
38. Rxf1 Nh3+ 39. Kg2 Rxf1 40. Kxf1 Nf4 41. Nf5 Nxd3 42. Nxh4 Nc5 43. e5
Kc6 44. Ke2 Kd5 45. Nf5 g5 46. Ne7+ Kxe5 47. Nc6+ Kf4 48. Nxa7 g4 49. Nb5
Ne4 50. Kf1 Ke3 51. Kg2 Kd3 52. Nc7 Kc4 53. a3 Kc5 54. a4 Kd6 55. Nb5+ Kc6
56. Nd4+ Kc5 57. Nc2 Nf6 58. Kg3 Kc4 59. Kf4 Kd3 60. Na3 Kc3 61. Nb5+ Kb4
62. Nd4 Kxa4 63. Kf5 g3 64. Kxf6 g2 65. Ne2 b5 66. Ke5 b4 67. Ke4 b3 68.
Kf3 b2 69. Kxg2 Kb4 0-1

[Event "4th ch-EU"]
[Site "Liverpool ENG"]
[Date "2008.09.15"]
[Round "7"]
[White "O'Rourke,R"]
[Black "Kennaugh,C"]
[Result "1-0"]
[WhiteElo "2062"]
[BlackElo "2281"]
[EventDate "2008.09.09"]

1. e4 e5 2. Nf3 Nc6 3. Bb5 f5 4. d3 Nf6 5. exf5 Bc5 6. Bxc6 dxc6 7. O-O
Bxf5 8. Nxe5 O-O 9. Nc3 Qd4 10. Nf3 Qg4 11. Be3 Bd6 12. h3 Qh5 13. Ng5 Qg6
14. g4 Bd7 15. Nce4 Nd5 16. Qe2 Nf4 17. Bxf4 Bxf4 18. Nf3 h5 19. Nh2 Bxh2+
20. Kxh2 hxg4 21. Rg1 Qh5 22. Rg3 Rf3 23. Qxf3 1-0

[Event "4th ch-EU"]
[Site "Liverpool ENG"]
[Date "2008.09.15"]
[Round "7"]
[White "Tasker,M"]
[Black "Kett,T"]
[Result "1/2-1/2"]
[WhiteElo "2062"]
[BlackElo "2247"]
[EventDate "2008.09.09"]

1. Nf3 d5 2. d4 Nf6 3. c4 e6 4. Nc3 c6 5. Bg5 h6 6. Bxf6 Qxf6 7. e3 g6 8.
Bd3 Bg7 9. O-O dxc4 10. Bxc4 Nd7 11. e4 e5 12. dxe5 Nxe5 13. Nxe5 Qxe5 14.
Qe2 O-O 15. f4 Qc5+ 16. Kh1 b5 17. Bb3 a5 18. e5 a4 19. Bc2 Be6 20. Ne4 Qd4
21. Bd3 a3 22. b3 Rad8 23. Rad1 Qb4 24. Bc2 Rd5 25. Rxd5 Bxd5 26. Qe3 Re8
27. Qc3 Qe7 28. Rd1 g5 29. fxg5 Qxe5 30. Qxe5 Rxe5 31. gxh6 Bxe4 32. Bxe4
Rxe4 33. hxg7 Re2 34. Ra1 c5 35. h4 Kxg7 36. Kh2 Rc2 37. Kg3 Kf6 38. Kf3
Ke5 39. h5 Rc3+ 40. Kf2 Kf5 41. Rh1 Rc2+ 42. Kg3 Rc3+ 43. Kh4 Kf6 44. g4
Rc2 45. g5+ Kg7 46. h6+ Kg8 47. Rd1 Rxa2 48. Rd8+ Kh7 49. Rd7 Rf2 50. Kh5
Rf5 51. Rb7 b4 52. Ra7 Kg8 53. Ra8+ Kh7 1/2-1/2

[Event "4th ch-EU"]
[Site "Liverpool ENG"]
[Date "2008.09.15"]
[Round "7"]
[White "Naslund,M"]
[Black "Brown,Mart"]
[Result "0-1"]
[WhiteElo "2243"]
[BlackElo "2072"]
[EventDate "2008.09.09"]

1. d4 d5 2. c4 e6 3. Nf3 Nf6 4. g3 dxc4 5. Bg2 a6 6. O-O Nc6 7. Nc3 Bd7 8.
Ne5 Nd5 9. Nxd5 exd5 10. Bxd5 Nxe5 11. dxe5 c6 12. Bxc4 Bh3 13. Qb3 Qc7 14.
e6 O-O-O 15. exf7 Bxf1 16. Bf4 Bd6 17. Bxd6 Qxd6 18. Rxf1 Rhf8 19. e4 Qe7
20. Re1 Rd4 21. e5 Rxc4 22. Qxc4 Rxf7 23. f4 g6 24. Qd4 Rf8 25. Rd1 g5 26.
Rd3 gxf4 27. gxf4 Qe6 28. h3 Rg8+ 29. Kf1 Qxa2 30. Kf2 Qb1 31. Rd1 Qf5 32.
Rd3 Rf8 33. Rf3 Rd8 34. Qc3 Rg8 35. Qd3 Qh5 36. f5 Qh4+ 37. Kf1 Qg5 38. Qe3
Qg2+ 39. Ke1 Qxb2 40. Qe2 Qc1+ 41. Qd1 Rg1+ 0-1

[Event "4th ch-EU"]
[Site "Liverpool ENG"]
[Date "2008.09.15"]
[Round "7"]
[White "Gorman,J"]
[Black "Briscoe,C"]
[Result "0-1"]
[WhiteElo "1937"]
[BlackElo "2232"]
[EventDate "2008.09.09"]

1. Nf3 Nf6 2. b3 c5 3. Bb2 Nc6 4. e3 g6 5. c4 Bg7 6. Be2 O-O 7. O-O d5 8.
cxd5 Qxd5 9. Nc3 Qf5 10. d4 Rd8 11. Rc1 e5 12. Bd3 exd4 13. Bxf5 dxc3 14.
Qxd8+ Nxd8 15. Bxc8 cxb2 16. Rxc5 Ne4 17. Rc7 Nc3 18. Nd2 Nxa2 19. Nb1 Be5
20. Bxb7 Rb8 21. Rc8 Rxb7 22. Rxd8+ Kg7 23. f4 Bf6 24. Rd2 Rxb3 25. e4 Be7
26. Rc2 Rb4 27. e5 Rb5 28. Rff2 Nb4 29. Rc7 Bc5 30. Rxc5 Rxc5 31. Rf1 Nd3
32. Rd1 Rc1 33. Rf1 Nxf4 34. Kf2 Nd3+ 35. Ke2 Nxe5 36. Nd2 Nc4 0-1

[Event "4th ch-EU"]
[Site "Liverpool ENG"]
[Date "2008.09.15"]
[Round "7"]
[White "Groffen,H"]
[Black "Coates,D"]
[Result "1/2-1/2"]
[WhiteElo "2228"]
[BlackElo "2037"]
[EventDate "2008.09.09"]

1. d4 Nf6 2. c4 g6 3. Nc3 d5 4. Nf3 Bg7 5. cxd5 Nxd5 6. e4 Nxc3 7. bxc3 c5
8. Be3 Qa5 9. Qd2 Nc6 10. Rc1 cxd4 11. cxd4 Qxd2+ 12. Kxd2 O-O 13. Bb5 f5
14. exf5 Bxf5 15. Bxc6 bxc6 16. Rxc6 Rab8 17. Ra1 Rb7 18. Rc5 Rd8 19. Ne5
Be4 20. f3 Bd5 21. Kc3 e6 22. Bg5 Ra8 23. Kd3 Bf8 24. Rc2 Ba3 25. h4 a5 26.
Bc1 Be7 27. Bg5 Ba3 28. Nc4 Bf8 29. Bf6 a4 30. Be5 Be7 31. Nd6 Rd7 32. Nc8
Bd8 33. Rac1 Ra6 34. h5 gxh5 35. Rb1 Bb7 36. Nd6 Raxd6 37. Bxd6 Ba6+ 38.
Ke4 Rxd6 39. Ke5 Rd5+ 40. Kxe6 Rxd4 41. Rb8 Kg7 42. Rc6 Bc4+ 43. Rxc4 Rxc4
44. Rxd8 Rc2 45. Kf5 Rxg2 46. Rd7+ Kh6 47. Ra7 Rxa2 48. Ra6+ Kg7 49. Ra7+
Kh6 50. Ra6+ Kg7 51. Ra7+ Kh6 1/2-1/2

[Event "4th ch-EU"]
[Site "Liverpool ENG"]
[Date "2008.09.15"]
[Round "7"]
[White "Redmond,J"]
[Black "Hawkins,Ja"]
[Result "1-0"]
[WhiteElo "2188"]
[BlackElo "2013"]
[EventDate "2008.09.09"]

1. c4 e5 2. g3 Nf6 3. Bg2 Nc6 4. Nc3 Bc5 5. a3 a5 6. e3 d6 7. Nge2 O-O 8.
d4 Bb6 9. O-O Re8 10. h3 Bd7 11. Kh2 e4 12. Nf4 Ba7 13. Bd2 Bb8 14. Qb3 Qc8
15. Nfd5 Bf5 16. Nxf6+ gxf6 17. Nd5 Kg7 18. Bc3 Ne7 19. Nf4 Kh6 20. f3 exf3
21. Bxf3 Nc6 22. Rae1 Be4 23. Bxe4 Rxe4 24. Qd1 1-0

[Event "4th ch-EU"]
[Site "Liverpool ENG"]
[Date "2008.09.15"]
[Round "7"]
[White "Cannon,Ra"]
[Black "Surtees,M"]
[Result "0-1"]
[WhiteElo "2041"]
[BlackElo "2182"]
[EventDate "2008.09.09"]

1. e4 c6 2. Nc3 d5 3. Nf3 b5 4. exd5 b4 5. Nb1 cxd5 6. d4 e6 7. Bd3 Nc6 8.
O-O Bd6 9. Re1 Nge7 10. a3 f6 11. axb4 Nxb4 12. Bb5+ Bd7 13. Bxd7+ Qxd7 14.
Qe2 Kf7 15. Na3 Rac8 16. c3 Nbc6 17. b4 Ng6 18. Nb5 Bb8 19. h4 Rhe8 20. h5
Nf8 21. h6 g6 22. Bb2 Kg8 23. Rad1 Qf7 24. Qd2 g5 25. Nh2 Qh5 26. g3 Ng6
27. Qe2 Qxh6 28. Ng4 Qg7 29. Qf3 f5 30. Ne3 g4 31. Qg2 h5 32. Nxd5 Qf7 33.
Ne3 a6 34. Na3 f4 35. Nec4 f3 36. Qf1 h4 37. gxh4 Qf4 38. Ne5 Ncxe5 39.
dxe5 Ba7 40. Kh1 Qh6 41. Qg1 Qxh4+ 42. Qh2 Qxh2+ 43. Kxh2 Bxf2 44. Rf1 g3+
45. Kh3 Red8 46. Rxf2 gxf2 0-1

[Event "4th ch-EU"]
[Site "Liverpool ENG"]
[Date "2008.09.15"]
[Round "7"]
[White "Bennett,P"]
[Black "Benson,O"]
[Result "1-0"]
[WhiteElo "2120"]
[BlackElo "1852"]
[EventDate "2008.09.09"]

1. d4 Nf6 2. Nf3 g6 3. c4 Bg7 4. Nc3 O-O 5. e4 d6 6. h3 e5 7. d5 Na6 8. Bg5
h6 9. Be3 Nc5 10. Nd2 a5 11. Be2 Qe8 12. g4 Nfd7 13. Nf1 a4 14. Ng3 Qe7 15.
h4 c6 16. Qd2 Kh7 17. h5 g5 18. Nf5 Qf6 19. dxc6 bxc6 20. Qxd6 Qxd6 21.
Nxd6 Rb8 22. O-O-O Ba6 23. Rd2 Rb4 24. Rhd1 Kg8 25. Rc2 Rd8 26. Nf5 Bf8 27.
Nxh6+ Kg7 28. Bxg5 f6 29. Nf5+ Kf7 30. Be3 Bxc4 31. Nd6+ Bxd6 32. Rxd6 Bxe2
33. Rxe2 Nxe4 34. Nxe4 Rxe4 35. Red2 Ke7 36. Bb6 1-0